000 00695nam a22002177a 4500
005 20260114055841.0
008 260114b |||||||| |||| 00| 0 eng d
020 _a978-0-593-17855-3
082 _aFic. P982 1996
100 _aPullman, Philip
_957
245 _aThe golden compass /
_cPhilip Pullman
260 _aNew York:
_bAlfred A. Knopf,
_cc1996
300 _a[422]p.:
_bill.
490 _aHis dark materials; bk1
541 _e7840 c.1
650 _aBelacqua, Lyra (Fictitious character) - Juvenile fiction
_958
650 _aMissing persons - Fiction
_959
650 _aKidnapping - Fiction
_960
650 _aFamiliars (Spirits) - Juvenile fiction
_961
650 _aFantasy fiction
_962
999 _c2463
_d2463